000 00335nam a2200133Ia 4500
008 231129s1965||||xx |||||||||||||| ||spa||
040 _bspa
082 _a330.15 T238h
100 _aTaylor Overton H
245 0 _aHistoria del pensamiento económico
260 _c1965
264 _aTipografica Editora Argentina
942 _2ddc
_cBKS
999 _c15275
_d15275